00376 a2200109 4500001001000000005001700010008004100027245005700068100002100125773010300146999001700249ART_3966520260410162012.0260409a 10aBreves reflexiones sobre la democracia y el congreso1 aEstrada, Juan H.0 tPropuestas para la sociedad, el gobierno y la produccióng- Año 5, Nº 9 (nov. 2001)wREV39547 c32293d32293